LEADER 00395nab a2200145 i 4500 001 000000336941 003 CaOOAMICUS 005 20191007092920.0 008 191007n xx uu u0 0und r 013 $a48738 040 $aSeMil$bita 245 10$aDezember. 773 0 $t2018.$dTübingen : Mohr Siebeck, copyr. 2018.$w()258234 996 $6245$aDezember$9(OLS)http://semarc/title/421918 LEADER 00895nas a2200253 i 4500 001 000000189571 003 CaOOAMICUS 005 20101119000000.0 008 100113b2010 it uu u0 0ita r 013 $a167845 040 $aSeMil$bita 245 10$a[2010]. 260 $aMilano :$bISMECC,$c2010. 300 $a1 v. (varie sequenze) ;$c24 cm. 773 0 $tCultura oggi.$dMilano : ISMECC, 1983.$x0393-4276$w()2172 774 0 $t[SENZA TITOLO]. - 80 p.$w()273033 774 0 $t[SENZA TITOLO]. - 71 p.$w()273034 774 0 $t[SENZA TITOLO]. - 72 p.$w()273358 774 0 $t[SENZA TITOLO]. - 80 p.$w()273873 850 $aSeMil 852 $aSeMil$W1$xVenegono$y1$m247 5 28$j140202$B140202$CSeMilBibl$Z2$F156644 $85 961 $aOmaggio: Direttore pubblicazione 996 $6245$a[2010]$9(OLS)http://semarc/title/260960 996 $6260$aMilano :$bISMECC$9(OLS)http://semarc/publisher/30593